Empleo, ingreso y bienestar

Bibliographic Details
Main Author: Calva, Jos ̌Luis
Format: eBook
Language:Spanish
Published: Ciudad de Mx̌ico: Cm̀ara de Diputados, 2007
Subjects:
Online Access:Acceso restringido

MARC

LEADER 00000nam a22000007a 4500
005 20171211153347.0
007 cr|||| ||||
008 171211s2007 mx |||||s|||| 00||0 spa d
020 |a 970-32-3543-3 
035 |a 20827 
040 |a vLex 
090 |c 7276  |d 7276 
100 1 |a Calva, Jos ̌Luis 
245 1 0 |a Empleo, ingreso y bienestar  |h [Recurso electrn̤ico] /  |c Coordinador: Jos ̌Luis Calva 
256 |a Servicio en ln̕ea 
260 |a Ciudad de Mx̌ico:  |b Cm̀ara de Diputados,  |c 2007 
300 |a 1 recurso electrn̤ico 
506 1 |a Disponible solo en los productos indicados  |d vLex Global  |d vLex Global (Academic Edition, excluding Law Schools)  |d vLex Global (U.S. Academic Edition, Law Schools)  |d vLex Global (U.S. Academic Edition, excluding Law Schools)  |d vLex Global (Academic Edition, Law Schools) 
650 0 4 |a Derecho Laboral  |z Mx̌ico 
650 0 4 |a Seguridad Social  |z Mx̌ico 
740 0 |a vLex Libros(Servicio en ln̕ea) 
856 4 0 |u http://vlex.com/source/empleo-ingreso-bienestar-20827  |z Acceso restringido 
942 |c BOOK 
999 0 |a Labor laws and legislation 
999 0 |a Social security